| 000 | 00526nam a22001697a 4500 | ||
|---|---|---|---|
| 003 | SGT | ||
| 020 | _a9780323642019 | ||
| 082 |
_a614.4 _bE20E |
||
| 100 | _aElmore, Joann G...[et. al.] | ||
| 245 | _aJekel's Epidemiology, Biostatistics, Preventive Medicine and Public health. | ||
| 250 | _a5th | ||
| 260 |
_bElsevier _c2020 |
||
| 300 | _a451 | ||
| 650 | _aEpidemiology, Biostatistics, Preventive Medicine and Public health | ||
| 653 | _aEpidemiology, Biostatistics, Preventive Medicine and Public health | ||
| 942 |
_2ddc _cBK |
||
| 999 |
_c22818 _d22818 |
||